U.S. Cities With the Most Earthquakes since 2000 - Statistics

General Stats
  • This quiz has been taken 27 times
  • The average score is 13 of 20
Answer Stats
Answer % Correct
San Francisco
100%
Los Angeles
96%
San Diego
92%
Las Vegas
83%
Sacramento
83%
Oakland
79%
Seattle
79%
Bakersfield
75%
Portland
75%
San Jose
75%
Fresno
71%
Long Beach
67%
Anaheim
63%
Riverside
63%
Oklahoma City
54%
Santa Ana
50%
Stockton
46%
Tulsa
33%
San Antonio
29%
Wichita
25%
No matching quizzes found
Score Distribution
Percent of People with Each Score
Percentile by Number Answered
Your Score History
You have not taken this quiz